Một số vấn đề về đổi mới phương pháp dạy học môn: Tiếng Anh, tiếng Nga, tiếng Pháp, tiếng Trung Quốc lớp 8
Tài liệu lưu hành nội bộ; Tài liệu được cấu trúc theo 3 phần: Phần thứ nhất là những vấn đề chung về PPDH và định hướng đổi mới PPDH. Phần thứ 2 là vận dụng định hướng đổi mới PPDH vào dạy học bộ môn. Phần thứ 3 là một số bà...
Shranjeno v:
| Glavni avtor: | |
|---|---|
| Drugi avtorji: | |
| Format: | Knjiga |
| Jezik: | Undetermined |
| Izdano: |
H.
Giáo duc
2004
|
| Teme: |
Tiếng Anh
> Phương pháp giảng dạy
> Trung học cơ sở; Đổi mới phương pháp dạy học
> Trung học cơ sở; Tiếng Nga
> Phương pháp giảng dạy
> Trung học cơ sở; Tiếng Pháp
> Phương pháp giảng dạy
> Trung học cơ sở; Tiếng Trung Quốc
> Phương pháp giảng dạy
> Trung học cơ sở
|
| Online dostop: | http://lrc.tdmu.edu.vn/opac/search/detail.asp?aID=2&ID=19729 |
| Oznake: |
Označite
Brez oznak, prvi označite!
|
| Thư viện lưu trữ: | Trung tâm Học liệu Trường Đại học Thủ Dầu Một |
|---|
| LEADER | 01582nam a2200217Ia 4500 | ||
|---|---|---|---|
| 001 | TDMU_19729 | ||
| 008 | 210410s9999 xx 000 0 und d | ||
| 082 | |a 371.3 | ||
| 090 | |b NG527 | ||
| 100 | |a Nguyễn, Hạnh Dung | ||
| 245 | 0 | |a Một số vấn đề về đổi mới phương pháp dạy học môn: Tiếng Anh, tiếng Nga, tiếng Pháp, tiếng Trung Quốc lớp 8 | |
| 245 | 0 | |c Nguyễn Hạnh Dung...[và những người khác] | |
| 260 | |a H. | ||
| 260 | |b Giáo duc | ||
| 260 | |c 2004 | ||
| 300 | |a 128tr. | ||
| 520 | |a Tài liệu lưu hành nội bộ; Tài liệu được cấu trúc theo 3 phần: Phần thứ nhất là những vấn đề chung về PPDH và định hướng đổi mới PPDH. Phần thứ 2 là vận dụng định hướng đổi mới PPDH vào dạy học bộ môn. Phần thứ 3 là một số bài soạn minh họa theo SGK lớp 8 | ||
| 650 | |a Tiếng Anh |x Phương pháp giảng dạy |x Trung học cơ sở; Đổi mới phương pháp dạy học |x Trung học cơ sở; Tiếng Nga |x Phương pháp giảng dạy |x Trung học cơ sở; Tiếng Pháp |x Phương pháp giảng dạy |x Trung học cơ sở; Tiếng Trung Quốc |x Phương pháp giảng dạy |x Trung học cơ sở | ||
| 700 | |a Đào, Ngọc Lộc | ||
| 856 | |u http://lrc.tdmu.edu.vn/opac/search/detail.asp?aID=2&ID=19729 | ||
| 980 | |a Trung tâm Học liệu Trường Đại học Thủ Dầu Một | ||